Open Data Biblioteca Nacional de Portugal


República Portuguesa: Ministério da Cultura
Biblioteca Nacional de Portugal

Catálogo da BNP: acesso por Identificadores Unívocos
Registos Bibliográficos associados ao registo de autoridade

Etiqueta de registo: 00254nam 2200025 450
001 2211704
003 http://id.bnportugal.gov.pt/bib/catbnp/2211704
010 ## $a978-989-95538-0-4
021 ## $aPT$b263428/07
100 ## $a20250415d2007 c y0pory01030103ba
101 0# $apor$aspa
102 ## $aPT
105 ## $aa z 000fy
106 ## $ar
200 1# $aÁgua, 4 contos$dAgua, 4 cuentos$fMatilde Rosa Araújo... [et al.]$gil. Francisco Bilou$gtrad. Louis Huna$zspa
210 #9 $a[S.l.]$cAJPRA,$dD.L. 2007
215 ## $a[22], [22] pag. converg.$cil.$d21 cm
305 ## $aEd. bilingue em português e espanhol
317 ## $aBiblioteca Matilde Rosa Araújo$5PTBN: P. 72568 V.
510 1# $aAgua, 4 cuentos$zspa
675 ## $a087.5$vBN$zpor$3287999
675 ## $a821.134.3-93"19/20"$vBN$zpor$31119478
701 #1 $aAraújo,$bMatilde Rosa,$f1921-2010$4070$36567
701 #1 $aBilou,$bF.,$f1960-$4440$314022
702 #1 $aHuna,$bLouis$4730$31999545
801 #0 $aPT$bBN$gRPC
966 ## $lBN$mFGMON$pBiblioteca Matilde Rosa Araùjo$sP. 72568 V.$x3
971 ## $cssilva$d20250415
972 ## $e0$z0$d20260528$vasantos
973 ## $cigoulao$d20260409

OpendataBNP@bnportugal.pt | Mais informação sobre acesso aos dados BNP